Catálogo
Digital

Catálogo
Digital

Manual para la formación en Derechos Indígenas (Record no. 14459)

MARC details
000 -CABECERA
campo de control de longitud fija 01399nam a2200289 4500
003 - IDENTIFICADOR DEL NÚMERO DE CONTROL
campo de control EC-UNACH
006 - CÓDIGOS DE INFORMACIÓN DE LONGITUD FIJA--CARACTERÍSTICAS DEL MATERIAL ADICIONAL
campo de control de longitud fija s||||gr|||| 00| 00
008 - DATOS DE LONGITUD FIJA--INFORMACIÓN GENERAL
campo de control de longitud fija 150116t9999 mx r gr 000 0 spa d
020 ## - NÚMERO INTERNACIONAL ESTÁNDAR DEL LIBRO
Número Internacional Estándar del Libro 9978-22-377-0
040 ## - FUENTE DE LA CATALOGACIÓN
Centro catalogador/agencia de origen EC-UNACH
Centro/agencia transcriptor EC-UNACH
041 ## - CÓDIGO DE LENGUA
Código de lengua del texto/banda sonora o título independiente spa
082 04 - NÚMERO DE LA CLASIFICACIÓN DECIMAL DEWEY
Número de edición 23
Número de clasificación 342.08
Número de documento/Ítem L017450
100 ## - ENTRADA PRINCIPAL--NOMBRE DE PERSONA
Nombre de persona Roldan, Roque
245 ## - MENCIÓN DE TÍTULO
Título Manual para la formación en Derechos Indígenas
Resto del título Territorios, recursos naturales y convenios internacionales
250 ## - MENCIÓN DE EDICIÓN
Mención de edición Primera Edición
264 ## - Producción, publicación, distribución, fabricación y copyright
Lugar de producción, publicación, distribución, fabricación Quito
Nombre del de productor, editor, distribuidor, fabricante Abya Yala
Fecha de de producción, publicación, distribución, fabricación o copyright 2004
300 ## - DESCRIPCIÓN FÍSICA
Extensión 283 paginas
Dimensiones 28 cm.
500 ## - NOTA GENERAL
Nota general Esta publicación es una guía referencial que muestra las posibilidades jurídicas respecto a derechos indígenas en los países andino-amazónicos
505 ## - NOTA DE CONTENIDO CON FORMATO
Nota de contenido con formato Derechos Territoriales Indígenas.- Antecedentes históricos políticos del tratamiento de la territorialidad indígena.- Actuales políticas Indígenas.- Actuales políticas sobre territorialidad Indígena.- Significado de los derechos territoriales indígenas por países.- Tratamiento legal a los indígenas según declaraciones y convenios de orden internacional.- La cuestión indígena y las organizaciones internacionales.-
650 ## - PUNTO DE ACCESO ADICIONAL DE MATERIA--TÉRMINO DE MATERIA
Término de materia o nombre geográfico como elemento inicial RECURSOS NATURALES
650 ## - PUNTO DE ACCESO ADICIONAL DE MATERIA--TÉRMINO DE MATERIA
Término de materia o nombre geográfico como elemento inicial CONVENIOS
650 ## - PUNTO DE ACCESO ADICIONAL DE MATERIA--TÉRMINO DE MATERIA
Término de materia o nombre geográfico como elemento inicial COOPERACIÓN
942 ## - ELEMENTOS DE PUNTO DE ACCESO ADICIONAL (KOHA)
Fuente del sistema de clasificación o colocación Clasificación Decimal Dewey
Tipo de ítem Koha Libros
999 ## - NÚMEROS DE CONTROL DE SISTEMA (KOHA)
Koha biblionumber 14459
Holdings
Estado de pérdida Fuente del sistema de clasificación o colocación Estado dañado No para préstamo Localización permanente Ubicación/localización actual Ubicación en estantería Fecha de adquisición Número de inventario Total de préstamos Signatura topográfica completa Código de barras Fecha visto por última vez Precio válido a partir de Tipo de ítem Koha Centro de costos
  Clasificación Decimal Dewey     Biblioteca Campus Sur Biblioteca Campus Sur Pedagogía de la Historia y las Ciencias Sociales 26/03/2026 39933084   342.08 ROL L017450 L017450 26/03/2026 26/03/2026 Libros  

Powered by Koha